Ohio State Football 2024 Starting Lineup - Statistics

General Stats
  • This quiz has been taken 414 times
  • The average score is 16 of 27
Answer Stats
Hint Answer % Correct
QB Will Howard
99%
WR1 Jeremiah Smith
98%
RB2 Quinshon Judkins
98%
RB1 TreVeyon Henderson
97%
WR3 Carnell Tate
95%
KR Carnell Tate
95%
WR2 Emeka Egbuka
93%
S Caleb Downs
85%
DE Jack Sawyer
84%
DB Denzel Burke
68%
LB Sonny Styles
66%
TE Gee Scott Jr.
62%
K Jayden Fielding
56%
LB Cody Simon
55%
CB David Igbinosun
54%
DL Tyleik Williams
50%
DE JT Tuimoloau
44%
CB Jordan Hancock
39%
C Seth McLaughlin
39%
OT Josh Simmons
37%
PR Brandon Inniss
34%
DL Ty Hamilton
32%
OT Josh Fryar
27%
OG Tegra Tshabola
21%
P Joe McGuire
17%
OG Austin Siereveld
12%
LS John Ferlmann
6%
No matching quizzes found
Score Distribution
Percent of People with Each Score
Percentile by Number Answered
Your Score History
You have not taken this quiz